00556nam a2200157Ia 4500100001800000942000700018654001500025245004600040260005000086082001500136300000800151546001200159999001700171952010500188952010500293 aTheraja/B.L.  cBK aelectrical aFund. of electrical engg. and electronics bNirja construction and devptaNew Delhic1984 a621.3bTHE a752 aENGLISH c23857d23857 001040708CRCaCRCEbCRCEd2023-03-17g40.00l0o621.3 THEp227r2023-03-17v40.00w2023-03-17yBK 001040708CRCaCRCEbCRCEd2023-03-17g40.00l0o621.3 THEp228r2023-03-17v40.00w2023-03-17yBK